1164 1089 1037 1028 1494 1223 1123 1984 1048 1905 1016 1063 1446 1525 1683 1715 1482 1545 1245 1671 1945 1767 1558 1718 1728 1152 1292 1776 1902 1787 1250 1432 1305 1252 1550 1290 1817 1561 1806 1982 1901 1278 1349 1931 1354 1835 1218 1337 1243 1073 1512 1286 1419 1704 1125 1759 1819 1218 1090 1418 1866 1049 1519 1606 1977 1555 1042 1818 1689 1686 1206 1841 1482 1193 1208 1017 1864 1157 1455 1145 1443 1921 1542 1947 1260 1045 1077 1492 1945 1132 1296 1226 1217 1544 1146 1104 1390 1075 1765 BCNSPRNW ULIB Ver.6.0+V

เปลี่ยนเป็นภาษาไทย

Change to English
 แสดงรายละเอียดบรรณานุกรม
  กลับหน้าหลัก

Brief Record : Get Marc (ISO 2709) : E-mail record : QR code < ปิดหน้าต่าง
LEADER : 00000nam 2200000uu 4500
001    13399115106
003     ULIB
008    110320s2541||||th 000 0 tha d
099    วจ.WY18.5^bส839ก
100 0  สุภาวรรณ์ ศรีจันท์ทองศิริ
245 00 ความสัมพันธ์ระหว่างความรู้ เจตคติ และปัจจัยสนับสนุนกับพฤติกรรมการป้องกันการติดเชื้อเอดส์ในการปฏิบัติการพยาบาล ของนักศึกษาพยาบาล วิทยาลัยพยาบาลบรมราชชนนี เขตภาคเหนือ/^cสุภาวรรณ์ ศรีจันท์ทองศิริ ,นิรนาท วิทยโชคกิติคุณ และอรพิน แสงสว่าง
260    นครสวรรค์ :^bวิทยาลัยพยาบาลบรมราชชนนี สวรรค์ประชารักษ์,^c2541
300    121 หน้า :^bตาราง
500    รายงานการวิจัย
650  7 การติดเชื้อเอดส์เอดส์^xปฏิบัติการพยาบาล^xวิจัย
650  7 ปฏิบัติการพยาบาล^xนักศึกษาพยาบาล^xวิจัย
700 02 นิรนาท วิทยโชคกิติคุณ
700 02 อรพิน แสงสว่าง
710 2  วิทยาลัยพยาบาลบรมราชชนนี สวรรค์ประชารักษ์
945    ^p0^l0^i032146
945    ^p0^l0^i032147
995    ทศพร
999 ^a ใช้งานได้ทุกระบบ
รายการนี้ยังไม่มีแท็ก
คุณยังไม่ได้ล็อกอิน คุณสามารถมีกิจกรรมร่วมกับเว็บไซต์ได้ แต่ต้องล็อกอินก่อน ::
  ล็อกอิน

รายการสื่อสารสนเทศ

ลำดับที่ ประเภท เลขเรียก/บาร์โค้ด สถานที่ สถานะ
1. งานวิจัย
งานวิจัย
วจ.WY18.5 ส839ก ฉ.1 
  Barcode: 032146
ห้องสมุดวิทยาเขตสวรรค์ประชารักษ์
►วิจัย
บนชั้น
2. งานวิจัย
งานวิจัย
วจ.WY18.5 ส839ก ฉ.2 
  Barcode: 032147
ห้องสมุดวิทยาเขตสวรรค์ประชารักษ์
►วิจัย
บนชั้น

รายการใกล้เคียง
    ผู้แต่ง [สุภาวรรณ์ ศรีจันท์ทองศิริ]

BibComment


ยังไม่เคยถูกคอมเมนท์

คอมเมนท์ทรัพยากรรายการนี้
  คอมเมนท์: ความสัมพันธ์ระหว่..


 Copyright 2026. Bcnsprnw @Library